Fields' virology (Registro nro. 92511)

Detalles MARC
000 -ENCABEZADO
Número de control [NR] 01211nam a22003137a 4500
005 - FECHA Y HORA DE LA ÚLTIMA TRANSACCIÓN
control field 20240524103804.0
008 - DE LONGITUD FIJA DE DATOS DE ELEMENTOS - INFORMACIÓN GENERAL
Elementos de longitud fija [NR] 130821s2007 xxua gr eng
020 ## - NUMERO INTERNACIONAL NORMALIZADO PARA LIBROS [R]
Número Internacional Normalizado del libro [NR] 0781760607
020 ## - NUMERO INTERNACIONAL NORMALIZADO PARA LIBROS [R]
Número Internacional Normalizado del libro [NR] 9780781760607
040 ## - FUENTE DE CATALOGACION [NR]
Agencia de catalogación original [NR] Co-BoUCM
Idioma de catalogación [NR] spa
Quien Cataloga David Moreno (modificó)
Quien Clasifica David Moreno (modificó)
041 00 - CODIGO DE IDIOMA [R]
Código de idioma para texto/pista de sonido o título separado [R] Inglés
060 10 - SIGNATURA TOPOGRAFICA DE LA BIBLIOTECA NACIONAL DE MEDICINA (NLM) [R]
Número clasificador [R] QW 160
Número de ítem [NR] F463
245 00 - MENCION DE TITULO [NR]
Título [NR] Fields' virology
Mención de responsabilidad, etc. [NR] editores David M. Knipe, Peter M. Howley ,Diane E. Griffin ... [et al.]
246 30 - FORMA VARIANTE DEL TITULO [R]
Título propiamente dicho/forma breve del título [NR] Virology
250 ## - MENCION DE EDICION [NR]
Mención de edición [NR] 5a. Ed.
260 ## - PUBLICACION, DISTRIBUCION, ETC. (PIE DE IMPRENTA) [R]
Lugar de publicación, distribución, etc. [R] Filadelfia (Pensilvania, Estados Unidos)
Nombre del editor, distribuidor, etc. [R] Wolters Kluwer Health/Lippincott Williams & Wilkins
Fecha de publicación, distribución, etc. [R] 2007
300 ## - DESCRIPCION FISICA [R]
Extensión [R] 2 v. (xix, 3091, 86 páginas)
Otros detalles físicos [NR] ilustraciones
Material acompañante [NR] 1 CD-ROM
650 04 - ASIENTO SECUNDARIO DE MATERIA - TERMINO TEMATICO [R]
Término temático o nombre geográfico como elemento de entrada [NR] Inmunología
9 (RLIN) 17698
650 04 - ASIENTO SECUNDARIO DE MATERIA - TERMINO TEMATICO [R]
Término temático o nombre geográfico como elemento de entrada [NR] Microbiología
9 (RLIN) 19480
650 04 - ASIENTO SECUNDARIO DE MATERIA - TERMINO TEMATICO [R]
Término temático o nombre geográfico como elemento de entrada [NR] Virología
9 (RLIN) 423
650 04 - ASIENTO SECUNDARIO DE MATERIA - TERMINO TEMATICO [R]
Término temático o nombre geográfico como elemento de entrada [NR] Virosis
9 (RLIN) 26306
650 04 - ASIENTO SECUNDARIO DE MATERIA - TERMINO TEMATICO [R]
Término temático o nombre geográfico como elemento de entrada [NR] Virus
9 (RLIN) 26311
700 1# - ASIENTO SECUNDARIO - NOMBRE PERSONAL [R]
Nombre personal [NR] Fields, Bernard N.
9 (RLIN) 180984
700 1# - ASIENTO SECUNDARIO - NOMBRE PERSONAL [R]
Nombre personal [NR] Howley, Peter M.
9 (RLIN) 180985
700 1# - ASIENTO SECUNDARIO - NOMBRE PERSONAL [R]
Nombre personal [NR] Knipe, David M.
Forma más completa del nombre [NR] (David Mahan)
Fechas asociadas con el nombre [NR] 1950-
9 (RLIN) 180986
856 41 - LOCALIZACION Y ACCESO ELECTRONICOS [R]
Especificación de los materiales [NR] Contenido
Identificador Uniforme del Recurso (“URI”) [R] <a href="http://www.loc.gov/catdir/toc/ecip072/2006032230.html">http://www.loc.gov/catdir/toc/ecip072/2006032230.html</a>
856 42 - LOCALIZACION Y ACCESO ELECTRONICOS [R]
Especificación de los materiales [NR] Publicador
Identificador Uniforme del Recurso (“URI”) [R] <a href="http://www.loc.gov/catdir/enhancements/fy0712/2006032230-d.html">http://www.loc.gov/catdir/enhancements/fy0712/2006032230-d.html</a>
942 ## - ELEMENTOS DE ENTRADA AGREGADOS (KOHA)
Tipo de ítem principal el descrito en 300a Libro
Tema principal Medicina
Edición 5
Parte restante de la signatura top. F463
Sistema de clasificación NLM
Clasificación QW 160
Título oculto en OPAC No
Existencias
Fecha de último préstamo Total préstamos Signatura topográfica Código de barras Última vez visto Volúmen / Fascículo Ejemplar Price effective from Tipo de ítem Perdido Sistema de clasificación Dañado No prestable Tipo de ítem específico Suprimido Ubicación habitual Ubicación actual Localización Fecha de creación Forma de adquisición Costo Total Renewals
19/05/2008 1 QW 160 F463 200015391 11/12/2025 5a. Ed. CD-ROM Ej.1 03/02/2013 Multimedia   DEWEY     CD-Rom   Quinta de Mutis Quinta de Mutis Colección digital 19/02/2013 Compra 313000.00  
06/11/2009 9 QW 160 F463 200015390 12/12/2025 5a. Ed. V.1 Ej.1 03/02/2013 Libro   NLM     Libro   Quinta de Mutis Quinta de Mutis 1er piso 30/09/2007 Compra 313000.00  
30/09/2010 10 QW 160 F463 200015389 12/12/2025 5a. Ed. V.2 Ej.1 03/02/2013 Libro   NLM     Libro   Quinta de Mutis Quinta de Mutis 1er piso 30/09/2007 Compra 313000.00  
31/10/2012 1 QW 160 F463 200021517 11/12/2025 5a. Ed. CD-ROM Ej.2 03/02/2013 Multimedia   DEWEY     CD-Rom   Quinta de Mutis Quinta de Mutis Colección digital 19/02/2013 Compra 350000.00  
18/08/2022 6 QW 160 F463 200021515 12/12/2025 5a. Ed. V.1 Ej.2 03/02/2013 Libro   NLM     Libro   Quinta de Mutis Quinta de Mutis 1er piso 30/09/2011 Compra 350000.00 6
16/05/2019 9 QW 160 F463 200021516 12/12/2025 5a. Ed. V.2 Ej.2 03/02/2013 Libro   NLM     Libro   Quinta de Mutis Quinta de Mutis 1er piso 30/09/2011 Compra 350000.00